A comparison of factors related to the killing of felons by police and citizens

Saved in:  
Bibliographic Details
Authors: Sorensen, Jonathan R. 1965- (Author) ; Brock, Deon E. (Author) ; Marquart, James W. 1954- (Author)
Format: Electronic Article
Language:English
Published: 1993
In: Journal of police and criminal psychology
Year: 1993, Volume: 9, Issue: 1, Pages: 20-33
Online Access: Volltext (lizenzpflichtig)
Check availability: HBZ Gateway

MARC

LEADER 00000caa a22000002c 4500
001 1912487322
003 DE-627
005 20250127054937.0
007 cr uuu---uuuuu
008 241217s1993 xx |||||o 00| ||eng c
024 7 |a 10.1007/BF02901649  |2 doi 
035 |a (DE-627)1912487322 
035 |a (DE-599)KXP1912487322 
040 |a DE-627  |b ger  |c DE-627  |e rda 
041 |a eng 
084 |a 2,1  |2 ssgn 
100 1 |a Sorensen, Jonathan R.  |d 1965-  |e VerfasserIn  |0 (DE-588)132398664  |0 (DE-627)52195987X  |0 (DE-576)299121127  |4 aut 
109 |a Sorensen, Jonathan R. 1965-  |a Sorensen, Jonathan Roger 1965-  |a Sorensen, Jon 1965- 
245 1 2 |a A comparison of factors related to the killing of felons by police and citizens 
264 1 |c 1993 
336 |a Text  |b txt  |2 rdacontent 
337 |a Computermedien  |b c  |2 rdamedia 
338 |a Online-Ressource  |b cr  |2 rdacarrier 
700 1 |a Brock, Deon E.  |e VerfasserIn  |4 aut 
700 1 |a Marquart, James W.  |d 1954-  |e VerfasserIn  |0 (DE-588)141426934  |0 (DE-627)703977105  |0 (DE-576)166215643  |4 aut 
773 0 8 |i Enthalten in  |t Journal of police and criminal psychology  |d Boston, Mass. : Springer, 1985  |g 9(1993), 1, Seite 20-33  |h Online-Ressource  |w (DE-627)524622604  |w (DE-600)2270654-9  |w (DE-576)26442574X  |x 1936-6469  |7 nnas 
773 1 8 |g volume:9  |g year:1993  |g number:1  |g pages:20-33 
787 0 8 |i Forschungsdaten  |a Fox, James Alan  |t Uniform Crime Reports (United States): Supplementary Homicide Reports, 1976-1994  |d [Erscheinungsort nicht ermittelbar] : [Verlag nicht ermittelbar], 1996  |w (DE-627)1840062150 
856 4 0 |u https://doi.org/10.1007/BF02901649  |x Resolving-System  |z lizenzpflichtig  |3 Volltext  |7 1 
935 |a mkri 
951 |a AR 
ELC |a 1 
LOK |0 000 xxxxxcx a22 zn 4500 
LOK |0 001 4637452821 
LOK |0 003 DE-627 
LOK |0 004 1912487322 
LOK |0 005 20241217044235 
LOK |0 008 241217||||||||||||||||ger||||||| 
LOK |0 035   |a (DE-2619)ICPSR28703 
LOK |0 040   |a DE-2619  |c DE-627  |d DE-2619 
LOK |0 092   |o n 
LOK |0 852   |a DE-2619 
LOK |0 852 1  |9 00 
LOK |0 935   |a nacp 
LOK |0 939   |a 17-12-24  |b l01 
ORI |a SA-MARC-krimdoka001.raw